Имена на обелиске

Opis bibliograficzny
1. autor: Валовой Д. В. Дмитрий Васильевич
Kolejni autorzy: Лапшина Г. Е. Генриэтта Евгеньевна
Język:rosyjski
Wydane: Москва, Молодая гвардия, 1980
Hasła przedmiotowe:
Format: MixedMaterials Książka
KOHA link:https://koha.lib.tpu.ru/cgi-bin/koha/opac-detail.pl?biblionumber=366543

MARC

LEADER 00000nam0a2200000 4500
001 366543
005 20231102011907.0
035 |a (RuTPU)RU\TPU\retro\23906 
090 |a 366543 
100 |a 20220210d1980 km y0rusy50 ca 
101 0 |a rus 
102 |a RU 
105 |a a z 001zd 
200 1 |a Имена на обелиске  |f Д. В. Валовой, Г. Е. Лапшина  
210 |a Москва  |c Молодая гвардия  |d 1980 
215 |a 367 с.  |c ил. 
320 |a Библиогр.: с.361-366 
600 1 |a Маркс  |g Карл  |b К.  |c немецкий мыслитель  |c общественный деятель  |c основоположник марксизма  |f 1818-1883  |2 stltpush  |3 (RuTPU)RU\TPU\pers\297 
600 1 |a Энгельс  |g Фридрих  |b Ф.  |c немецкий мыслитель и общественный деятель  |c один из основоположников марксизма  |f 1820-1895  |2 stltpush  |3 (RuTPU)RU\TPU\pers\530 
600 1 |a Либкнехт  |b К.  |c деятель германского и международного рабочего и социалистического движения  |c один из основателей Коммунистической партии Германии  |f 1871-1919  |g Карл  |2 stltpush  |3 (RuTPU)RU\TPU\pers\39858  |9 21132 
600 1 |a Лассаль  |b Ф.  |c немецкий философ  |f 1825-1864  |g Фердинанд  |2 stltpush  |3 (RuTPU)RU\TPU\pers\9289  |9 1844 
600 1 |a Бебель  |b А.  |c деятель германской социал-демократической партии  |f 1840-1912  |g Август  |2 stltpush  |3 (RuTPU)RU\TPU\pers\21783  |9 9158 
600 1 |a Кампанелла  |g Томмазо  |f 1568-1639  |c итальянский философ  |c поэт  |c политический деятель  |c монах-доминиканец  |b Т.  |2 stltpush  |3 (RuTPU)RU\TPU\pers\672 
600 1 |a Мелье  |b Ж.  |c французский философ-материалист  |c атеист  |f 1664-1729  |g Жан  |c революционный демократ  |c утопический коммунист  |2 stltpush  |3 (RuTPU)RU\TPU\pers\13040 
600 1 |a Мор  |g Томас  |b Т.  |c английский гуманист  |c государственный деятель  |c писатель  |f 1478-1535  |2 stltpush  |3 (RuTPU)RU\TPU\pers\310 
600 1 |a Сен-Симон  |g Клод Анри де Рувруа  |b К. А. де Р.  |c французский мыслитель  |c граф  |f 1760-1825  |2 stltpush  |3 (RuTPU)RU\TPU\pers\55 
600 1 |a Фурье  |b Ж. Б. Ж.  |c французский математик  |f 1768-1830  |g Жан Батист Жозеф  |2 stltpush  |3 (RuTPU)RU\TPU\pers\16137  |9 5700 
600 1 |a Прудон  |c французский социалист  |c теоретик анархизма  |f 1809-1865  |g Пьер Жозеф  |c экономист  |b П. Ж.  |2 stltpush  |3 (RuTPU)RU\TPU\pers\5459 
600 1 |a Бакунин  |g Михаил Александрович  |f 1814-1876  |c российский революционер  |c теоретик анархизма  |b М. А.  |2 stltpush  |3 (RuTPU)RU\TPU\pers\179 
600 1 |a Чернышевский  |g Николай Гаврилович  |b Н. Г.  |c публицист  |f 1828-1889  |c литературный критик  |c писатель  |2 stltpush  |3 (RuTPU)RU\TPU\pers\861 
600 1 |a Лавров  |g Петр Лаврович  |b П. Л.  |c российский философ  |c социолог  |c публицист  |f 1823-1900  |2 stltpush  |3 (RuTPU)RU\TPU\pers\139 
600 1 |a Михайловский  |g Николай Константинович  |b Н. К.  |c российский социолог  |c публицист  |c литературный критик  |c народник  |f 1842-1904  |2 stltpush  |3 (RuTPU)RU\TPU\pers\1062 
600 1 |a Плеханов  |b Г. В.  |c российский политический деятель  |c философ  |c теоретик марксизма  |f 1856-1918  |g Георгий Валентинович  |2 stltpush  |3 (RuTPU)RU\TPU\pers\1148  |9 520 
606 1 |a Деятели общественные и государственные  |x Персоналии  |2 stltpush  |3 (RuTPU)RU\TPU\subj\58886  |9 76580 
610 1 |a увековечение памяти 
610 1 |a революционеры 
610 1 |a памятники 
610 1 |a Московский Кремль 
610 1 |a философы 
686 |a Т3(0)-8  |v LBC/SL-A  |2 rubbk 
700 1 |a Валовой  |b Д. В.  |g Дмитрий Васильевич 
701 1 |a Лапшина  |b Г. Е.  |g Генриэтта Евгеньевна 
801 1 |a RU  |b 63413507  |c 20220210 
942 |c BK